00680nam a22002057a 4500003001400000005001700014008004100031020001800072040002800090041000800118082002300126100002900149245006900178260004100247300002300288650002100311942001200332952011500344999001500459KOHA_MİRAKIL20240930101022.0240929b2021 tu ||||| |||| 00| 0 tur d a9786057908162 aTR-AnABBbturcTR-AnABB atur a956.1024bDOG 2021 aDoğan, Ümit,d1984-. 0aÇocuklar için Kurtuluş Savaşı tarihi /cÜmit Doğan. aAnkara :bKripto Yayınları,c2021. a64 sayfa ;c21 cm. aTarih, Türkiye 2ddccBK 00102ddc70aODTbODTd2024-09-29eSATINl0o808.068 DOG 2021pABB109408r2024-09-30 10:10:22w2024-09-30yBK c2433d2433